| 000 | 00886nac a22002171u 4500 | ||
|---|---|---|---|
| 020 | _a0745007953 | ||
| 082 |
_a338.526091724 _bCOD |
||
| 090 |
_c6064 _d6064 |
||
| 100 | _aCody, John | ||
| 245 |
_aPolicy design and price reform in developing countries: _bguidelines with special reference to industry/ _cJohn Cody, Richard Kitchen, John Weiss. |
||
| 260 |
_aNew York ; _b London : Harvester Wheatsheaf, 1990 _c1990 |
||
| 300 |
_a170p.; _c21 cm. |
||
| 500 | _adistributer: Al-Ahram | ||
| 504 | _aBibliography: p160-166. - Includes index | ||
| 511 | _acatalogued by: wessam | ||
| 650 |
_aPrice regulation _z Developing countries. |
||
| 700 | _aKitchen, R. L. | ||
| 700 | _aWeiss, John. | ||
| 942 |
_cBB _k338.526091724 COD |
||
| 999 |
_c6064 _d6064 |
||